[Event "ROU-ch Men 2018"]
[Site "Olanesti"]
[Date "2018.05.15"]
[Round "2"]
[White "Marin, Mihail"]
[Black "Vasiesiu, Victor"]
[Result "1-0"]
[WhiteElo "2543"]
[BlackElo "2327"]
[Annotator "TA"]
[PlyCount "49"]
[EventDate "2018.??.??"]
[EventType "swiss"]
[EventCountry "ROU"]
[SourceTitle "playchess.com"]
[Source "ChessBase"]
[SourceQuality "1"]

{[%evp 11,49,22,26,21,28,26,38,18,44,39,35,34,18,0,-1,-25,-4,-26,-18,-48,-22,-50,0,-10,12,17,289,297,381,369,390,343,404,408,408,405,742,732,726,694]} 1. c4 e5 2. Nc3 Nc6 3. Nf3 Nf6 4. g3 Nd4 5. Bg2 Nxf3+ 6. Bxf3 Bc5 7. O-O {A29: English Opening: Four Knights Variation with 4 g3} (7. Na4 Be7 8. Qb3 c6 9. O-O d5 10. cxd5 cxd5 11. d3 h6 12. Nc3 Be6 13. Qxb7 O-O 14. Qa6 Rb8 {½-½ (60) Nepomniachtchi,I (2705)-Naiditsch,A (2689) Reykjavik 2015}) 7... c6 8. e3 d6 9. d4 {White is slightly better.} Bb6 10. b4 Bh3 11. Re1 Qe7 $146 ({Predecessor:} 11... O-O 12. a4 a6 13. Ba3 Re8 14. d5 Rc8 15. dxc6 bxc6 {1-0 (39) Ayas Fernandez,A (2350)-Calzetta Ruiz,M (2190) Barcelona 1999}) 12. dxe5 dxe5 13. Ba3 O-O 14. Qb3 e4 15. Bh1 Rfe8 16. Na4 {[%cal Bc3a4,Ba4b6,Bb6a8][%mdl 32]} Ng4 17. Nxb6 Qf6 {[%csl Gg4][%cal Rf6f2] [#]} 18. Qb2 (18. f3 $2 exf3 19. Bxf3 Qxf3 $19) 18... Ne5 $2 {[%mdl 8192]} (18... axb6 $11 {and Black is okay.} 19. Qxf6 Nxf6) 19. f4 $18 (19. Nxa8 {is a self mate.} Nf3+ 20. Bxf3 Qxf3 21. Qxg7+ Kxg7 22. Bb2+ Kg8 23. Bd4 Qg2#) 19... exf3 20. Nxa8 Qg6 {aiming for ...Nd3.} 21. Rad1 {[#] Threatens to win with Qxe5!} ({Not} 21. Nc7 Nd3 $16) 21... Nd3 22. Rxd3 $1 Qxd3 23. Bxf3 Rxe3 (23... Rxa8 $142 24. Qb3 Qxb3 25. axb3 Rd8) 24. Qc1 ({Less strong is} 24. Rd1 Rxf3 25. Qe2 Rf1+ 26. Qxf1 Bxf1 $18) 24... Rxe1+ 25. Qxe1 {Precision: White = 31%, Black = 27%.} 1-0

[Event "ROU-ch Men 2018"]
[Site "Olanesti"]
[Date "2018.05.15"]
[Round "2"]
[White "Jianu, Vlad-Cristian"]
[Black "Banzea, Alexandru-Bogdan"]
[Result "1/2-1/2"]
[WhiteElo "2532"]
[BlackElo "2325"]
[Annotator "TA"]
[PlyCount "44"]
[EventDate "2018.??.??"]
[EventType "swiss"]
[EventCountry "ROU"]
[SourceTitle "playchess.com"]
[Source "ChessBase"]
[SourceQuality "1"]

{[%evp 13,44,8,7,-9,-10,-9,-10,-13,-23,-39,-25,-52,-33,-37,-12,-23,0,-6,0,-4,0,-9,5,3,25,10,12,0,0,0,0,0,0]} 1. d4 Nf6 2. c4 e6 3. Nc3 Bb4 4. g3 Bxc3+ 5. bxc3 O-O 6. Bg2 d6 {E20: Nimzo-Indian: 4 g3 and 4 f3} 7. Nf3 (7. a4 Nbd7 8. e3 e5 9. Nf3 Re8 10. Ba3 c5 11. O-O Qe7 12. Qc2 e4 13. Nd2 Nf8 14. Rae1 {0-1 (36) Sandipan,C (2577)-Khismatullin,D (2621) Moscow 2016}) 7... Nc6 {LiveBook: 36 Games} 8. Ba3 Re8 9. O-O e5 $146 ({Predecessor:} 9... Rb8 10. Nd2 e5 11. Nb3 Bd7 12. d5 Ne7 13. e4 b6 14. Nc1 {0-1 (57) Gaprindashvili,N (2364)-Simutowe,A (2421) Arnhem 2007}) 10. dxe5 dxe5 11. Qb3 Na5 12. Qb4 c5 13. Qxc5 b6 14. Qb4 Bb7 15. Rfd1 Qc7 16. c5 Nd5 17. Qb2 Nc4 18. Qb3 Na5 19. Qc2 Nc4 {The position is equal.} 20. Qb3 Na5 21. Qc2 Nc4 22. Qb3 Na5 {Precision: White = 45%, Black = 73%.} 1/2-1/2

[Event "ROU-ch Men 2018"]
[Site "Olanesti"]
[Date "2018.05.15"]
[Round "2"]
[White "Manolache, Marius"]
[Black "Pop, Alexandru"]
[Result "1-0"]
[WhiteElo "2499"]
[BlackElo "2302"]
[Annotator "TA"]
[PlyCount "101"]
[EventDate "2018.??.??"]
[EventType "swiss"]
[EventCountry "ROU"]
[SourceTitle "playchess.com"]
[Source "ChessBase"]
[SourceQuality "1"]

{[%evp 17,101,19,9,16,2,0,-3,-14,129,129,201,189,195,182,188,183,195,187,179,189,185,188,195,203,316,314,322,312,306,277,291,304,323,327,409,389,488,471,516,508,615,439,456,0,1071,410,406,385,681,366,345,347,345,241,294,285,299,291,311,326,286,294,282,278,418,413,834,795,733,713,698,696,662,665,631,604,568,571,552,546,537,528,509,465,29980,29981]} 1. d4 d5 2. Nf3 Nf6 3. c4 e6 4. Nc3 a6 5. e3 b6 6. Ne5 Bb7 7. cxd5 exd5 8. Bd3 Bd6 9. O-O O-O 10. f4 {E14: Queen's Indian: Classical Variation (4 e3)} c5 11. Qf3 Nc6 12. Qh3 $146 {Threatens to win with Nxd5!The position is equal.} ({Predecessor:} 12. Ne2 Ne4 13. Nxc6 Bxc6 14. Rd1 c4 15. Bc2 Re8 16. Bd2 b5 17. Be1 Ra7 {0-1 (61) Ynojosa Aponte,F (2378)-Hevia Alejano,C (2492) Brownsville 2017}) 12... Bc7 {[#]} (12... h6 $11 {remains equal.}) 13. Nd7 $1 $16 {[%cal Rd7f6][%mdl 512] White threatens Nxf6+ and mate.} g6 ({Don't blunder} 13... Qxd7 $2 {[#]} 14. Bxh7+ $1 {[%mdl 512]} Nxh7 15. Qxd7 $18) (13... h6 $16) 14. Nxf6+ $18 Qxf6 15. Nxd5 $40 {[%mdl 128] White wants a kill.} Qd6 16. Nxc7 Qxc7 17. f5 {Strongly threatening Qh6.} cxd4 18. Qh6 {White wants to mate with f6.} f6 19. fxg6 Ne5 20. Bf5 d3 (20... Nxg6 $142 21. exd4 Rfe8) 21. Bd2 ({Don't play} 21. Qxh7+ Qxh7 22. gxh7+ Kh8 $18) (21. gxh7+ Kh8 $18) 21... Qg7 22. gxh7+ Kh8 {[%csl Gb7][%cal Rg7g2]} 23. Qxg7+ Kxg7 24. Rac1 Bd5 25. b3 Rad8 26. e4 Bf7 27. Rc7 a5 28. Bc3 Rd6 29. Re7 Nc6 30. Rc7 $2 ({White has to play} 30. Rb7 $18) 30... Kh8 $2 {[%mdl 8192]} (30... Ne5 $11 31. a3 b5) 31. Rd1 (31. Rd7 $142 Rd8 32. Rxf7) 31... Ne5 32. Re7 Ng6 $2 (32... Bh5) 33. Rd7 Rxd7 34. Bxd7 Nf4 {...Ne2+ is the strong threat.} 35. Bxf6+ Kxh7 36. Be7 Bh5 37. g4 Rf7 38. gxh5 ({Don't take} 38. Bf5+ Rxf5 39. exf5 Bxg4 $18) 38... Rxe7 {[%mdl 4096] Endgame KRB-KRN} 39. Bf5+ Kh6 40. Kf2 b5 (40... Kxh5 {is a better defense.} 41. Kf3 Ng6 42. Bxg6+ Kxg6 43. Rxd3 Re6) 41. Kf3 Ne2 (41... Nxh5 $142 42. Rxd3 Ng7) 42. Rxd3 Nc1 43. Rd6+ Kxh5 44. Bg4+ Kh4 45. Kf4 {[%cal Rd6h6]} Rf7+ 46. Bf5 {[%cal Rd6h6]} Ne2+ 47. Ke3 Nc3 48. Rh6+ Kg5 49. Rg6+ Kh4 50. a3 Nb1 (50... Rf8 $18 51. Rg7 Re8) 51. Kf4 {Precision: White = 78%, Black = 40%.} 1-0

[Event "ROU-ch Men 2018"]
[Site "Olanesti"]
[Date "2018.05.15"]
[Round "2"]
[White "Gavrilescu, David"]
[Black "Vasilescu, Lucian-Mihail"]
[Result "1-0"]
[WhiteElo "2442"]
[BlackElo "2243"]
[Annotator "TA"]
[PlyCount "41"]
[EventDate "2018.??.??"]
[EventType "swiss"]
[EventCountry "ROU"]
[SourceTitle "playchess.com"]
[Source "ChessBase"]
[SourceQuality "1"]

{[%evp 18,41,45,44,37,39,53,44,44,48,70,75,104,102,122,119,136,122,117,111,203,213,190,169,529,523]} 1. e4 d6 2. d4 Nf6 3. Nc3 e5 4. Nge2 exd4 5. Nxd4 Be7 6. g3 O-O 7. Bg2 {C41: Philidor Defence} c6 (7... Re8 8. O-O Bf8 9. h3 Nbd7 10. Re1 c5 11. Nf5 Ne5 12. Bg5 h6 13. Bxf6 Qxf6 14. Nd5 Qd8 {½-½ (32) Oparin,G (2602)-Mamedyarov,S (2799) Moscow 2017}) 8. O-O Re8 9. h3 Bf8 10. g4 {LiveBook: 6 Games} d5 11. exd5 Nxd5 12. Nxd5 cxd5 13. Bf4 Na6 $146 14. Re1 Rxe1+ 15. Qxe1 Qb6 16. Qe8 $36 {[%mdl 2048] Black is under strong pressure.} Nc7 ({But not} 16... Qxd4 $2 17. Bd6 $18) 17. Bxc7 $1 Qxc7 18. Bxd5 {Threatens to win with Re1.} h5 (18... Rb8 $16 {was worth a try.}) 19. Re1 $18 {Nf5 is the strong threat.} hxg4 20. hxg4 {And now Nf5 would win.} Qd7 $2 {[#]} (20... Be6 21. Qxa8 Bxd5) 21. Nf5 $1 1-0

[Event "ROU-ch Men 2018"]
[Site "Olanesti"]
[Date "2018.05.15"]
[Round "2"]
[White "Secheres, Adrian-Simion"]
[Black "Ciobanu, Viorel-Adrian"]
[Result "1-0"]
[WhiteElo "2404"]
[BlackElo "2196"]
[Annotator "TA"]
[PlyCount "63"]
[EventDate "2018.??.??"]
[EventType "swiss"]
[EventCountry "ROU"]
[SourceTitle "playchess.com"]
[Source "ChessBase"]
[SourceQuality "1"]

{[%evp 21,63,27,14,6,12,10,19,0,138,139,124,17,16,0,73,73,61,68,83,79,84,82,112,97,112,118,123,133,147,147,166,158,151,162,148,160,377,377,376,386,381,389,370,364]} 1. e4 e5 2. Nf3 Nc6 3. Bc4 Nf6 4. d3 Bc5 5. c3 a6 6. O-O Ba7 7. Re1 d6 8. Bb3 O-O 9. h3 h6 10. Nbd2 {[%cal Bb1d2,Bd2f1,Bf1g3,Bg3h5][%mdl 32]} Re8 11. Nf1 Be6 12. Bc2 {C54: Giuoco Piano: 4 c3 Nf6, main lines with 5 d4 and 5 d3} d5 13. exd5 Nxd5 14. Ng3 {[#] The position is equal.} Qf6 $146 (14... Qd6 $11 {remains equal.}) ({Predecessor:} 14... Qd6 15. Nh4 Qd7 16. Qf3 Qe7 17. Nhf5 Qf8 18. Bb3 Rad8 19. Nh5 Bxf5 20. Qxf5 {½-½ (98) Giri,A (2778)-So,W (2767) Bilbao 2015}) 15. Nh5 $1 $16 {[%cal Rh5f6]} Qe7 16. Bd2 (16. Nxe5 $16 {Threatens to win with Qf3.} Bf5 17. d4 Bxc2 18. Qxc2) 16... Qd6 $11 17. Qe2 Bf5 {[#]} (17... Rad8 $11) 18. Nh4 $1 $16 {[%cal Rh4f5]} Bg6 19. Nxg6 Qxg6 20. Qf3 $36 {[%mdl 2048] White has strong initiative.} Rad8 21. Bb3 Nf6 22. Nxf6+ gxf6 {[#]} 23. Re4 $1 {[%cal Re4g4,Be1e4,Be4h4,Bh4h5,Bh5f5][%mdl 32] Hoping for Rg4.} f5 24. Rh4 h5 25. d4 ({Don't play} 25. Rxh5 $6 Rxd3 26. Qxd3 Qxh5 $14) 25... exd4 26. Rxh5 Ne5 27. Qxf5 Qxf5 28. Rxf5 dxc3 $2 (28... Kg7 $16 29. Bg5 Rd6 30. cxd4 Bxd4) 29. Bxc3 $18 {White is winning.} Bd4 30. Rd1 Bxc3 31. Rxd8 ({Less strong is} 31. bxc3 Nf3+ 32. Rxf3 (32. gxf3 Rxd1+ 33. Bxd1 Re1+ 34. Kg2 Rxd1 $14) 32... Rxd1+ 33. Bxd1 Re1+ 34. Kh2 Rxd1 $16) 31... Rxd8 32. bxc3 {Precision: White = 64%, Black = 60%.} 1-0

[Event "ROU-ch Men 2018"]
[Site "Olanesti"]
[Date "2018.05.15"]
[Round "2"]
[White "Dobre, Claudiu-Cristian"]
[Black "Dumitru, Matei-Ioan"]
[Result "0-1"]
[WhiteElo "2393"]
[BlackElo "2164"]
[Annotator "TA"]
[PlyCount "116"]
[EventDate "2018.??.??"]
[EventType "swiss"]
[EventCountry "ROU"]
[SourceTitle "playchess.com"]
[Source "ChessBase"]
[SourceQuality "1"]

{[%evp 17,116,14,32,4,8,7,4,15,45,6,13,10,10,11,25,19,17,0,10,11,11,12,7,-21,82,77,79,89,93,100,170,162,164,141,138,146,121,107,110,100,101,92,77,58,68,67,60,66,74,76,79,30,28,0,0,0,9,0,0,0,0,-175,-176,-182,-184,-182,-174,-151,-112,-155,-170,-158,-152,-153,-146,-189,-120,-91,-118,-133,-8,-391,-375,-1393,-1299,-1211,-1187,-1105,-1138,-925,-967,-29975,-29976,-29984,-29985,-29985,-29986,-29987,-29988,-29988,-29989]} 1. e4 e5 2. Nf3 Nc6 3. Bc4 Nf6 4. d3 Bc5 5. O-O d6 6. a4 a6 {C50: Hungarian Defence and Giuoco Pianissimo} 7. c3 Ba7 8. Nbd2 O-O 9. h3 Ne7 {LiveBook: 30 Games} (9... h6 10. Re1 Ne7 11. Bb3 Ng6 12. d4 Re8 13. Bc2 Bd7 14. Nf1 c5 15. dxc5 dxc5 {1-0 (42) Anand,V (2776)-Nakamura,H (2787) Moscow 2018}) 10. a5 Ng6 11. Re1 c6 $146 ({Predecessor:} 11... Nh5 12. Nf1 Nhf4 13. Be3 Qf6 14. d4 Re8 15. Ng3 h6 {0-1 (94) Schuetze,N (2322)-Vogel,R (2426) Deutschland 2017}) 12. Bb3 h6 13. Nc4 Re8 14. Be3 Bxe3 15. Rxe3 Qc7 16. Nb6 $36 {[%mdl 2048] White is pushing.} Rb8 17. Nxc8 (17. d4 {feels hotter.} exd4 18. Qxd4 Be6 19. c4 Rbd8 20. Qc3) 17... Rbxc8 18. g3 Rcd8 19. Qe2 d5 {aiming for ...d4.} 20. Nh2 Nd7 (20... Nf8 $11 {keeps the balance.}) 21. exd5 $16 Nc5 22. d6 $1 {[%cal Rd6c7]} Rxd6 23. Bc4 Red8 (23... Nd7 $16) 24. h4 $18 {[%cal Bh3h4,Bh4h5][%mdl 32]} Kh8 25. h5 Nf8 26. Rxe5 Nxd3 27. Re7 R6d7 28. Rxd7 Qxd7 29. Nf3 Ne6 {Threatening ...Nef4!} 30. Bxe6 Qxe6 31. Qxe6 fxe6 $16 {[%mdl 4096] Endgame KRN-KRN} 32. Rd1 {Hoping for Ne1.} Rd5 33. c4 Rd7 34. Nh4 Kg8 35. b3 Kf7 36. Ng6 Kf6 37. f4 Nc5 38. Rxd7 Nxd7 $11 {KN-KN} 39. b4 $2 (39. Kf2 $11 {and White is okay.}) 39... Kf5 $1 $19 40. Ne7+ Ke4 41. Nc8 Kd4 42. Nd6 Nf6 43. Nxb7 {And now Nd6 would win.} Kxc4 ({But not} 43... Nxh5 $2 44. b5 $1 $18 {[%mdl 512]}) 44. Nc5 Kxb4 (44... Nxh5 45. Nxa6 Nxg3 46. Nc7 $16) 45. Nxa6+ Kxa5 46. Nc5 Nxh5 47. Kf2 Kb4 48. Nxe6 c5 (48... Kc4 $1 $17 {Strongly threatening ...Kd5.} 49. f5 Kd5) 49. Kf3 $2 {[%mdl 8192]} (49. g4 $11 {and White stays safe.} Nf6 50. g5) 49... c4 {[%cal Bc5c4,Bc4c3][%mdl 32]} 50. Kg4 $2 (50. g4 c3 51. Ke3) 50... c3 51. Nd4 Kc4 52. Nc2 Nf6+ 53. Kf5 Kd3 54. Na3 Ne4 {Black mates.} 55. g4 Nd6+ ({Worse is} 55... c2 56. Nxc2 $1 {[%mdl 512]} Nd6+ 57. Kg6 $11) 56. Kg6 Nc4 ({Stronger than} 56... c2 {[#]} 57. Nxc2 $1 {[%mdl 512]} Kxc2 58. Kxg7 $11) 57. Nxc4 Kxc4 58. g5 c2 {Precision: White = 42%, Black = 64%.} 0-1

[Event "ROU-ch Men 2018"]
[Site "Olanesti"]
[Date "2018.05.15"]
[Round "2"]
[White "Stoleriu, George"]
[Black "Deac, Bogdan-Daniel"]
[Result "0-1"]
[WhiteElo "2333"]
[BlackElo "2575"]
[Annotator "TA"]
[PlyCount "60"]
[EventDate "2018.??.??"]
[EventType "swiss"]
[EventCountry "ROU"]
[SourceTitle "playchess.com"]
[Source "ChessBase"]
[SourceQuality "1"]

{[%evp 21,60,-23,-4,0,-12,-9,-18,-49,-49,-23,0,0,0,-19,-19,-7,0,0,0,0,0,0,-7,-233,-248,-320,-326,-311,-328,-413,-429,-436,-429,-474,-493,-502,-492,-496,-494,-487,-486]} 1. Nf3 d5 2. c4 d4 3. e3 Nc6 4. exd4 Nxd4 5. Nxd4 Qxd4 6. Nc3 c6 7. d3 Nh6 {A09: Réti Opening: 1 Nf3 d5 2 c4} 8. Be3 (8. Be2 g6 9. h3 Bg7 10. g4 f5 11. Be3 Qd6 12. Qd2 Nf7 13. O-O-O O-O 14. f4 b5 15. d4 bxc4 16. Bxc4 {0-1 (28) Anand,V (2793)-Kramnik,V (2769) London 2014}) 8... Qd8 9. d4 Nf5 10. Qd2 g6 11. Be2 Bg7 {[%cal Rf5d4] LiveBook: 24 Games} 12. Rd1 O-O 13. O-O Qa5 14. Ne4 Qxd2 15. Rxd2 {[#]} e5 $146 {[%cal Rf5d4]} ({Predecessor:} 15... Nxe3 16. fxe3 {0-1 (52) Grunberg,M (2405)-Ivanisevic,I (2623) Hungary 2015}) 16. d5 cxd5 17. cxd5 Nxe3 18. fxe3 Bh6 $36 {[%mdl 2048] Black has some pressure.} 19. Nf6+ Kg7 20. Rd3 Bg5 21. Ne4 Bd8 {White should prevent ...Bf5.} 22. Rc1 $2 (22. Rb3 $11 {and White stays safe.}) 22... Bf5 $19 23. Bf3 {[#]} Bxe4 $1 24. Bxe4 f5 25. Bf3 e4 26. Rb3 {Black is clearly winning.} exf3 27. Rxb7+ Rf7 28. Rxf7+ Kxf7 29. gxf3 Bb6 30. Kf1 Re8 {Precision: White = 42%, Black = 89%.} 0-1

[Event "ROU-ch Men 2018"]
[Site "Olanesti"]
[Date "2018.05.15"]
[Round "2"]
[White "Posedaru, Bogdan"]
[Black "Nevednichy, Vladislav"]
[Result "1-0"]
[WhiteElo "2307"]
[BlackElo "2532"]
[Annotator "TA"]
[PlyCount "51"]
[EventDate "2018.??.??"]
[EventType "swiss"]
[EventCountry "ROU"]
[SourceTitle "playchess.com"]
[Source "ChessBase"]
[SourceQuality "1"]

{[%evp 16,51,39,27,35,9,85,85,85,83,106,74,96,110,133,127,195,190,191,97,103,99,107,98,125,121,122,130,284,278,280,265,302,279,493,472,460,457]} 1. d4 e6 2. c4 Bb4+ 3. Nc3 f5 4. Nf3 Nf6 5. g3 O-O 6. Bg2 Bxc3+ 7. bxc3 d6 8. O-O Qe7 9. c5 {LiveBook: 3 Games. A85: Dutch Defence: 2 c4 Nf6 3 Nc3} (9. Qb3 c5 10. dxc5 dxc5 11. Bf4 Nc6 12. Ne5 Nxe5 13. Bxe5 Ng4 14. Bf4 e5 15. Bc1 f4 16. f3 Nh6 {0-1 (53) Denisov,L (2368)-Voitsekhovsky,S (2523) Kazan 2013}) 9... dxc5 10. Ba3 Na6 (10... Ne4 $11 {keeps the balance.}) 11. Ne5 $16 {[%mdl 1024] White is better. White has strong compensation.} Rd8 $146 ({Predecessor:} 11... Rb8 12. Qb3 Nd7 13. Nxd7 Bxd7 14. Qc4 b5 15. Bxc5 Qe8 16. Qd3 Nxc5 17. dxc5 {1-0 (53) Choroszej,A (2113)-Delega,T (2100) Warsaw 2014}) 12. Qb3 c6 13. Nd3 Ne4 14. Rad1 b6 15. dxc5 bxc5 (15... Qc7 $16 {was worth a try.}) 16. Bxe4 $18 fxe4 {[#]} 17. Nxc5 $1 {[%mdl 512]} Rxd1 $16 (17... Nxc5 18. Bxc5) 18. Rxd1 (18. Qxd1 $6 Nxc5 19. Qd4 e5 $11) 18... Nxc5 {[#]} 19. Qc4 $1 Ba6 {[#]} 20. Qxa6 $1 {[%mdl 512]} Nxa6 21. Bxe7 {KRB-KRN} Rb8 $2 (21... Nc7 $16) 22. Rd7 $18 Rb2 23. a3 {[%cal Ba2a3,Ba3a4][%mdl 32]} ({Don't do} 23. Rxa7 $6 Rxa2 24. Bc5 g6 $18) 23... Rb5 24. Rxa7 Nc5 $2 (24... Ra5 25. Kg2 g6) 25. a4 Rb1+ 26. Kg2 {Precision: White = 67%, Black = 36%.} 1-0

[Event "ROU-ch Men 2018"]
[Site "Olanesti"]
[Date "2018.05.15"]
[Round "2"]
[White "Pisu, Robert-Daniel"]
[Black "Georgescu, Tiberiu-Marian"]
[Result "0-1"]
[WhiteElo "2254"]
[BlackElo "2476"]
[Annotator "TA"]
[PlyCount "106"]
[EventDate "2018.??.??"]
[EventType "swiss"]
[EventCountry "ROU"]
[SourceTitle "playchess.com"]
[Source "ChessBase"]
[SourceQuality "1"]

{[%evp 15,106,23,16,11,29,29,21,35,35,0,-8,-3,0,0,0,0,72,0,0,0,0,0,8,-8,8,-33,-35,-40,5,-17,0,-86,-81,-84,-66,-60,-33,-58,-51,-98,-89,-218,-220,-214,-202,-334,-337,-376,-79,-116,-81,-81,-81,-81,-81,-83,-81,-81,-81,-81,-80,-84,-84,-103,-60,-62,-58,-69,-46,-56,-56,-56,-44,-52,-18,-50,-43,-103,-87,-580,-576,-29983,-29984,-29984,-29985,-29985,-29986,-29986,-29981,-29981,-29982,-29993,-29984]} 1. Nf3 d5 2. g3 g6 3. c4 c6 4. cxd5 cxd5 5. Bg2 Bg7 6. d4 Nc6 7. Nc3 Nh6 {[%cal Bg8h6,Bh6f5,Bf5d6,Bd6c4][%mdl 32] A04: Unusual lines after 1 Nf3 and King's Indian Attack} 8. O-O Nf5 {LiveBook: 13 Games} 9. Bf4 (9. e3 O-O 10. b3 e6 11. Ba3 Re8 12. Rc1 Bd7 13. Qe2 Rc8 14. Rfd1 Qa5 15. Qb2 b5 16. Bc5 b4 17. Na4 e5 18. dxe5 Nxe5 19. Nxe5 Bxa4 {1-0 (66) Ding,L (2777)-Le,Q (2737) Huaian 2017}) 9... O-O {[%cal Rf5d4] The position is equal.} 10. e3 e6 11. g4 $146 ({Predecessor:} 11. Rc1 h6 12. g4 Nd6 13. b3 Qe7 {½-½ (24) Liodakis,K (2131)-David,A (2575) Anogia 2015}) 11... Nd6 12. Ne5 Nxe5 13. Bxe5 Bxe5 14. dxe5 Nc4 15. Qd4 Qg5 (15... Qc7 $11 {remains equal.}) 16. b3 ({White should play} 16. f4 $1 $16 {[%cal Rf4g5]} Qxg4 17. e4) 16... Na5 $1 $11 17. Qf4 Qxf4 18. exf4 Nc6 19. Rfe1 f6 20. Rad1 fxe5 21. fxe5 Bd7 22. h3 (22. Ne4 $5) 22... Rac8 {[#]} 23. Ne2 (23. Ne4 $1 $11 {[%mdl 512] keeps the balance.}) 23... g5 $17 24. Rd2 h6 25. h4 Nxe5 26. Nd4 Nxg4 27. Nxe6 Bxe6 28. Rxe6 (28. f3 $17) 28... Rc1+ $19 29. Bf1 Rf5 {Hoping for ...Kf7.} 30. Kg2 (30. Rde2 $142) 30... Kf7 31. Rd6 {[#]} gxh4 $2 (31... Nf6 $1 $19 {and Black stays clearly on top.} 32. Bd3 Re5) 32. R6xd5 $17 {[#]} h3+ $1 {[%mdl 512]} 33. Kxh3 Rxd5 ({Don't play} 33... Rxf2 $6 34. Bc4 $14) 34. Rxd5 {[%mdl 4096] Endgame KRB-KRN} Nf6 35. Rb5 Rxf1 36. Rxb7+ {KRN-KR} Kg6 37. Kg2 Rb1 38. Rxa7 Rb2 39. Ra4 h5 40. Kg3 Rd2 41. f3 Nd7 42. Ra5 Rd4 43. a4 Nf8 44. Ra6+ Kg5 {And now ...h4+ would win.} 45. Ra5+ Kh6 46. Rb5 (46. Re5 $15) 46... h4+ {[%cal Bh5h4,Bh4h3][%mdl 32]} 47. Kh3 $2 {[%mdl 8192]} (47. Kf2 $17 {was the crucial defense.}) 47... Nh7 $19 48. a5 Ng5+ {Black mates.} 49. Kg2 Rd2+ 50. Kf1 h3 51. Rb6+ Kh5 52. Rb8 Kh4 53. b4 Ra2 {Precision: White = 38%, Black = 51%.} 0-1

[Event "ROU-ch Men 2018"]
[Site "Olanesti"]
[Date "2018.05.15"]
[Round "2"]
[White "Rusan, Paul-Cristian"]
[Black "Anton, Teodor"]
[Result "0-1"]
[WhiteElo "2213"]
[BlackElo "2426"]
[Annotator "TA"]
[PlyCount "92"]
[EventDate "2018.??.??"]
[EventType "swiss"]
[EventCountry "ROU"]
[SourceTitle "playchess.com"]
[Source "ChessBase"]
[SourceQuality "1"]

{[%evp 14,92,18,10,27,31,36,19,22,21,49,30,50,41,42,-31,0,-17,-25,-156,-167,-242,-235,-231,-49,-73,-67,-249,-237,-224,-217,-291,-291,-273,-281,-277,-257,-551,-520,-504,-532,-752,-758,-746,-679,-741,-708,-969,-634,-883,-1115,-1087,-976,-1066,-1056,-1017,-905,-1078,-1052,-928,-900,-1976,-1943,-1712,-1118,-1098,-1052,-4129,-2642,-2062,-2064,-4129,-1563,-3201,-2689,-29982,-29983,-29983,-29979,-6219,-6107]} 1. e4 c5 2. Be2 Nc6 3. f4 e6 4. Nf3 d5 5. d3 Nf6 6. e5 {B21: Sicilian: 2 f4 and Morra Gambit} Nd7 7. c4 (7. c3 b5 8. O-O Be7 9. Be3 Rb8 10. Nbd2 a5 11. d4 b4 12. c4 cxd4 13. Nxd4 Nxd4 14. Bxd4 {0-1 (47) Kovalev,V (2639)-Ganguly,S (2650) Riadh 2017}) 7... d4 8. O-O {LiveBook: 3 Games. The position is equal.} b6 9. Nbd2 Bb7 10. a3 Qc7 11. Ne4 Be7 12. Bd2 a5 $146 ({Predecessor:} 12... h6 13. Rb1 f5 14. exf6 Nxf6 15. Ne5 Nxe5 16. Nxf6+ gxf6 17. fxe5 {0-1 (52) Biolek,R (2360)-Lanc,A (2470) Bratislava 1991}) 13. Be1 h6 14. h4 (14. Bg3 $14) 14... Rg8 15. h5 f5 16. exf6 (16. Ned2 $11 {remains equal.}) 16... gxf6 $17 {[%cal Bg7f6,Bf6f5][%mdl 32]} 17. Nh4 (17. f5 {is a better defense.} exf5 18. Ned2) 17... f5 $19 18. Nd2 Bxh4 $2 (18... Bd6 $19 19. Ng6 Nf8) 19. Bxh4 $15 {[#]} Nce5 $1 $36 {[%mdl 2560] Black is pushing.} 20. Rf2 $2 ({White must play} 20. g3 $1 $15) (20. fxe5 Rxg2+) 20... Ng4 $19 21. Bxg4 Rxg4 22. g3 Kf7 23. Qe2 {[#]} Rxh4 $1 {[%mdl 512]} 24. gxh4 Rg8+ 25. Kf1 $2 (25. Kh2 Qd8 26. Nf3 Bxf3 27. Rxf3) 25... Rg3 26. Nf3 Qc6 27. Re1 Rxf3 28. Rxf3 Qxf3+ 29. Qxf3 Bxf3 30. b4 axb4 31. axb4 cxb4 32. Rb1 Nc5 33. Rxb4 Nxd3 34. Rxb6 Nxf4 35. c5 Ke7 36. Kf2 Bd5 37. c6 Kd6 38. Rb7 Nxh5 39. Rh7 Bxc6 40. Rxh6 Be8 41. Ke2 Ke7 42. Kd3 e5 43. Kc4 Bf7+ 44. Kc5 Nf6 45. Rh8 Bg8 46. h5 d3 {Precision: White = 32%, Black = 58%.} 0-1